000 00321nam a2200133Ia 4500
008 190723s9999 xx 000 0 und d
020 _a978-93-325-8607-9
100 _aDavid K. Eiteman
245 0 _aMultinational Business Finance
250 _a14th
260 _aIndia
_bPearson
_c2018
300 _a612.:p
942 _cBK
999 _c1819
_d1819